00446ntaaa2200169 45000030003000000050017000030080021000200400037000410820017000781000018000952450026001132500010001392600061001493000009002105000029002196500028002480120251027202822.00714s1973 ag 01  aAR-BaBNbspacAR-BaBNeaacrdRIC a920.0000 N56 aWilson, W.G.  aFlorencia Nightingale a1 ed. aBuenos Aires : bJunta Bautista de Publicaciones, cs.f. a32 p aLa dama de la lámpara. aNightingale-biografía